[Event "Bad Woerishofen sen"]
[Site "?"]
[Date "2007.??.??"]
[Round "3"]
[White "Schumacher Helmut"]
[Black "Neumann Horst"]
[Result "1-0"]
[WhiteElo "2085"]
[BlackElo "2020"]
[PlyCount "46"]
[EventDate "2007.??.??"]

1. d4 d5 2. Nc3 Nf6 3. Bg5 Nbd7 4. Nf3 c6 5. e3 Qb6 6. Rb1 e6 7. Bd3 Bd6 8. O-O
h6 9. Bh4 e5 10. dxe5 Nxe5 11. Bxf6 gxf6 12. Nd4 Qc7 13. Nf5 Bxf5 14. Bxf5 Ke7
15. e4 Rag8 16. exd5 Rg5 17. dxc6 bxc6 18. Bh3 Rg7 19. Ne4 Bb4 20. Qe2 Rhg8 21.
f4 Ng6 22. c3 Ba5 23. Nc5+ Kf8 1-0

[Event "Bad Woerishofen op"]
[Site "?"]
[Date "2007.??.??"]
[Round "3"]
[White "Graf Christian"]
[Black "Lupor Stefan"]
[Result "*"]
[WhiteElo "2145"]
[BlackElo "2280"]
[PlyCount "65"]
[EventDate "2007.??.??"]

1. e4 c5 2. c3 g6 3. d4 cxd4 4. cxd4 d5 5. e5 Bg7 6. Nc3 Nc6 7. h3 f6 8. exf6
exf6 9. Nf3 Nge7 10. Be2 O-O 11. O-O Be6 12. Bf4 Bf7 13. Re1 Nf5 14. Bf1 Nd6
15. Qb3 Qd7 16. Bxd6 Qxd6 17. Qxb7 Rfb8 18. Qa6 Rb6 19. Qa4 Rxb2 20. Rab1 Rxb1
21. Rxb1 Nd8 22. g3 Bf8 23. Qa6 Qxa6 24. Bxa6 Bd6 25. Kg2 Kf8 26. Nd2 Rb8 27.
Rxb8 Bxb8 28. Nf1 Ke7 29. Ne3 Kd6 30. Be2 Ne6 31. Bf3 Nc7 32. Ng4 Ke7 33. Ne3 *

[Event "Bad Woerishofen sen"]
[Site "?"]
[Date "2007.03.10"]
[Round "3"]
[White "Smits, Oswald"]
[Black "Gestrich, Wolfgang"]
[Result "1-0"]
[WhiteElo "1900"]
[BlackElo "1745"]
[PlyCount "67"]
[EventDate "2007.??.??"]

1. d4 Nf6 2. c4 d6 3. Nc3 Bf5 4. f3 h6 5. e4 Bh7 6. Bd3 e5 7. Nge2 c6 8. O-O
Be7 9. Qb3 Qb6 10. Be3 Qxb3 11. axb3 a6 12. b4 Nfd7 13. b5 a5 14. b4 b6 15.
bxa5 bxa5 16. bxc6 Nxc6 17. Nd5 Bd8 18. Bc2 exd4 19. Nxd4 Nxd4 20. Bxd4 O-O 21.
Ba4 Ne5 22. c5 f5 23. cxd6 Nc4 24. Ne7+ Kh8 25. e5 Bb6 26. Bxb6 Nxb6 27. Bc6
Rfd8 28. Bxa8 Rxa8 29. Rfb1 Nd7 30. f4 g5 31. g3 gxf4 32. gxf4 Kg7 33. Rb7 Nc5
34. Rd7 1-0

[Event "Bad Woerishofen sen"]
[Site "?"]
[Date "2007.03.10"]
[Round "3"]
[White "Goy, Udo"]
[Black "Winter, Bernd"]
[Result "1-0"]
[WhiteElo "2217"]
[BlackElo "1969"]
[PlyCount "59"]
[EventDate "2007.??.??"]

1. d4 Nf6 2. c4 g6 3. Nc3 Bg7 4. e4 d6 5. Nf3 O-O 6. Be2 e5 7. O-O Nc6 8. d5
Ne7 9. Kh1 Ne8 10. Ng1 f5 11. f4 exf4 12. Bxf4 Bxc3 13. bxc3 fxe4 14. Qd4 Nf5
15. Qxe4 Nf6 16. Qc2 Nd7 17. g4 Ng7 18. Qd2 Nc5 19. Bh6 Rxf1 20. Rxf1 Qe7 21.
Qd4 Qe4+ 22. Bf3 Qxd4 23. cxd4 Na4 24. Re1 Kf7 25. Nh3 Nb6 26. Ng5+ Kf6 27.
Nxh7+ Kf7 28. Bxg7 Kxg7 29. Re7+ Kh8 30. Nf6 1-0

[Event "Bad Woerishofen op"]
[Site "?"]
[Date "2007.03.10"]
[Round "3"]
[White "Joachim, Klaus"]
[Black "Schmidt, Wolfgang"]
[Result "0-1"]
[WhiteElo "1904"]
[BlackElo "2071"]
[PlyCount "46"]
[EventDate "2007.??.??"]

1. e4 g6 2. Nf3 Bg7 3. d4 d6 4. Be3 Nf6 5. Nc3 Ng4 6. Bd2 Nc6 7. h3 Nf6 8. Be3
O-O 9. a3 e5 10. Bc4 exd4 11. Nxd4 Re8 12. f3 d5 13. Bb5 Bd7 14. Bd3 Nh5 15.
Nde2 d4 16. Nxd4 Bxd4 17. Bxd4 Nxd4 18. Nd5 c6 19. Ne3 Qh4+ 20. Kd2 Qf2+ 21.
Be2 Qxe2+ 22. Qxe2 Nxe2 23. Kxe2 Ng3+ 0-1

[Event "Bad Woerishofen op"]
[Site "?"]
[Date "2007.03.10"]
[Round "3"]
[White "Loew, Gerald"]
[Black "Schulze, Hubertus"]
[Result "1-0"]
[WhiteElo "2285"]
[BlackElo "2116"]
[PlyCount "41"]
[EventDate "2007.??.??"]

1. e4 c6 2. c4 d5 3. exd5 cxd5 4. cxd5 Nf6 5. Nc3 Nxd5 6. Nf3 e6 7. d4 Be7 8.
Bd3 O-O 9. O-O b6 10. Nxd5 Qxd5 11. Qc2 Bb7 12. Re1 Rc8 13. Bxh7+ Kf8 14. Qb1
f5 15. Re5 Qc6 16. d5 Qa4 17. b3 Qg4 18. Rxe6 Bxd5 19. Bxf5 Rxc1+ 20. Qxc1 Qxf5
21. Qc8+ 1-0

[Event "Bad Woerishofen op"]
[Site "?"]
[Date "2007.03.10"]
[Round "3"]
[White "Roemhild, Marcus"]
[Black "Klaus, Daniel"]
[Result "1-0"]
[WhiteElo "2167"]
[BlackElo "1998"]
[PlyCount "53"]
[EventDate "2007.??.??"]

1. e4 c5 2. Nc3 Nc6 3. f4 g6 4. Nf3 Bg7 5. Bb5 a6 6. Bxc6 dxc6 7. d3 Bg4 8. O-O
Qc7 9. Qe1 Bxf3 10. Rxf3 O-O-O 11. Be3 Qa5 12. e5 Nh6 13. Bd2 Qc7 14. Ne4 b6
15. a4 Nf5 16. Be3 Nd4 17. Rf2 a5 18. Ng5 Rdf8 19. Bxd4 cxd4 20. b4 h6 21. Ne4
axb4 22. Qxb4 c5 23. Qb5 g5 24. a5 Qa7 25. Rff1 Kc7 26. axb6+ Qxb6 27. Qc4 1-0

[Event "Bad Woerishofen sen"]
[Site "?"]
[Date "2007.03.10"]
[Round "3"]
[White "Budt, Karl-Heinz"]
[Black "Weber, Gerhard Dr."]
[Result "0-1"]
[WhiteElo "2162"]
[BlackElo "1952"]
[PlyCount "104"]
[EventDate "2007.??.??"]

1. d4 Nf6 2. c4 g6 3. Nc3 Bg7 4. e4 d6 5. Be2 O-O 6. Nf3 e5 7. dxe5 dxe5 8.
Qxd8 Rxd8 9. Bg5 Rf8 10. Bxf6 Bxf6 11. Nd5 Bd8 12. Nxe5 Re8 13. Rd1 Rxe5 14.
Nb6 Nc6 15. Nxa8 b6 16. Rxd8+ Nxd8 17. Nxc7 Rxe4 18. Nd5 Kg7 19. Ne3 Nc6 20.
Bf3 Re6 21. Bxc6 Rxc6 22. Kd2 Be6 23. Rc1 Kf6 24. b4 Ke5 25. Rc3 f5 26. f3 f4
27. Ng4+ Bxg4 28. fxg4 Kd4 29. a3 Rxc4 30. Rd3+ Ke4 31. g3 g5 32. gxf4 gxf4 33.
Rd7 Kf3 34. Rxh7 Kg2 35. g5 f3 36. Rf7 f2 37. Ke2 Re4+ 38. Kd3 Re6 39. h4 f1=Q+
40. Rxf1 Kxf1 41. Kd4 Re2 42. Kd5 Rh2 43. g6 Rxh4 44. Kc6 Rg4 45. Kb7 a5 46. g7
axb4 47. axb4 Ke2 48. b5 Kd3 49. Kxb6 Kc4 50. Ka6 Kc5 51. b6 Kc6 52. Ka7 Rxg7+
0-1

[Event "Bad Woerishofen op"]
[Site "?"]
[Date "2007.03.10"]
[Round "3"]
[White "Bromberger, Stefan"]
[Black "Bjarnason, Oskar"]
[Result "1-0"]
[WhiteElo "2495"]
[BlackElo "2225"]
[PlyCount "97"]
[EventDate "2007.??.??"]

1. e4 e5 2. Nf3 Nc6 3. Bb5 Nf6 4. O-O Nxe4 5. d4 Nd6 6. Bxc6 dxc6 7. dxe5 Nf5
8. Qxd8+ Kxd8 9. Nc3 Bd7 10. h3 Kc8 11. b3 Be7 12. Bb2 h5 13. Rad1 a5 14. Rfe1
Bb4 15. e6 Bxe6 16. Ng5 Re8 17. Rd3 a4 18. Re4 Bxc3 19. Bxc3 axb3 20. axb3 Ra2
21. Nxe6 fxe6 22. g4 hxg4 23. hxg4 Nd6 24. Re2 b6 25. Rh3 Re7 26. Rh8+ Kd7 27.
Rg8 Ne8 28. Rd2+ Kc8 29. Bxg7 Rxg7 30. Rxe8+ Kb7 31. f3 Rg6 32. Re2 c5 33. Kf2
Kc6 34. R8xe6+ Rxe6 35. Rxe6+ Kd5 36. Re2 c4 37. bxc4+ Kxc4 38. g5 b5 39. g6
Ra6 40. g7 Ra8 41. f4 Rg8 42. Re7 c5 43. f5 Kc3 44. f6 Kxc2 45. f7 Rxg7 46.
f8=Q Rxe7 47. Qxe7 c4 48. Qb4 c3 49. Ke3 1-0

[Event "Bad Woerishofen op"]
[Site "?"]
[Date "2007.03.10"]
[Round "3"]
[White "Skembris, Spyridon"]
[Black "Goris, Ton"]
[Result "1/2-1/2"]
[WhiteElo "2459"]
[BlackElo "2073"]
[PlyCount "72"]
[EventDate "2007.??.??"]

1. d4 e6 2. c4 Nf6 3. Nc3 c5 4. d5 exd5 5. cxd5 d6 6. e4 g6 7. f4 Bg7 8. Bb5+
Nbd7 9. e5 dxe5 10. fxe5 Nh5 11. e6 Qh4+ 12. g3 Nxg3 13. exd7+ Bxd7 14. hxg3
Qxh1 15. Bxd7+ Kxd7 16. Qg4+ f5 17. Qa4+ Kc8 18. Be3 Bxc3+ 19. bxc3 Qxd5 20.
Rd1 Qc6 21. Qc4 b5 22. Qh4 Re8 23. Kf2 Qe4 24. Bf4 Re7 25. a4 a6 26. Rd6 Raa7
27. Qf6 Rac7 28. Rxa6 Qc2+ 29. Kf1 Qd1+ 30. Kf2 Qc2+ 31. Kf1 Qd1+ 32. Kg2 Re2+
33. Nxe2 Qxe2+ 34. Kh3 Qf1+ 35. Kh2 Qf2+ 36. Kh3 Qf1+ 1/2-1/2

[Event "Bad Woerishofen op"]
[Site "?"]
[Date "2007.03.10"]
[Round "3"]
[White "Erenska-Barlo, Hanna"]
[Black "von Saldern, Ruediger"]
[Result "1-0"]
[WhiteElo "2275"]
[BlackElo "2057"]
[PlyCount "73"]
[EventDate "2007.??.??"]

1. e4 e5 2. Nf3 Nc6 3. Bc4 Bc5 4. c3 Qe7 5. O-O d6 6. d3 Nf6 7. Re1 O-O 8. Bg5
h6 9. Bh4 Bb6 10. Nbd2 Bg4 11. h3 Be6 12. Bxe6 fxe6 13. Nc4 g5 14. Nxb6 axb6
15. Bg3 Qf7 16. d4 exd4 17. cxd4 Nh5 18. a3 Nxg3 19. fxg3 Qg7 20. d5 exd5 21.
exd5 Nd8 22. Qd2 c5 23. dxc6 Nxc6 24. Qxd6 Rf6 25. Qd5+ Kh8 26. Re4 Rd8 27. Qb3
Rfd6 28. Rae1 Qd7 29. Qc3+ Kg8 30. Kh2 Kh7 31. Ne5 Qg7 32. Qc4 Nxe5 33. Rxe5
R8d7 34. Qe4+ Qg6 35. Re7+ Rxe7 36. Qxe7+ Kg8 37. Rf1 1-0

[Event "Bad Woerishofen op"]
[Site "?"]
[Date "2007.03.10"]
[Round "3"]
[White "Zoll, Detlef"]
[Black "Galdunts, Sergey"]
[Result "0-1"]
[WhiteElo "2080"]
[BlackElo "2502"]
[PlyCount "82"]
[EventDate "2007.??.??"]

1. d4 f5 2. Nc3 d5 3. e4 dxe4 4. Bg5 Nf6 5. f3 a6 6. Bc4 Nc6 7. d5 Ne5 8. Bb3
h6 9. Bxf6 exf6 10. fxe4 Bc5 11. Qe2 f4 12. O-O-O Bg4 13. Nf3 Qd6 14. Kb1 O-O-O
15. Qf1 Rde8 16. Ne2 Nd7 17. h3 Bh5 18. Ned4 Rxe4 19. Nf5 Qf8 20. Qd3 Re5 21.
d6 cxd6 22. Nxe5 fxe5 23. Rd2 Kc7 24. g4 Bg6 25. Be6 Qf6 26. Qb3 Rd8 27. Rhd1
Nb8 28. Bd5 Nc6 29. Bxc6 bxc6 30. Qc4 Bxf5 31. gxf5 Qxf5 32. Qxa6 Qc8 33. Qc4
Qxh3 34. b4 Bxb4 35. Qxb4 Rb8 36. Qxb8+ Kxb8 37. Rxd6 Qg4 38. Rd7 Kc8 39. Rd8+
Kc7 40. R1d2 f3 41. Rf8 Qb4+ 0-1

[Event "Bad Woerishofen op"]
[Site "?"]
[Date "2007.03.10"]
[Round "3"]
[White "Maugg, Ludwig"]
[Black "Trabert, Bettina"]
[Result "1/2-1/2"]
[WhiteElo "2099"]
[BlackElo "2251"]
[PlyCount "82"]
[EventDate "2007.??.??"]

1. e4 e5 2. Nf3 Nc6 3. Bb5 a6 4. Ba4 Nf6 5. O-O Be7 6. Re1 b5 7. Bb3 d6 8. c3
O-O 9. h3 Nb8 10. d4 Nbd7 11. Nbd2 Bb7 12. Bc2 Re8 13. a4 Bf8 14. Bd3 c6 15.
Rb1 g6 16. Qc2 Qc7 17. axb5 axb5 18. dxe5 dxe5 19. Nb3 Nb6 20. Bg5 Nh5 21. Rbd1
Bc8 22. Nbd2 Nf4 23. Bxf4 exf4 24. c4 bxc4 25. Nxc4 Bg7 26. b3 h6 27. Rc1 Be6
28. Ncd2 Rec8 29. Nc4 Nxc4 30. Bxc4 Bxc4 31. Qxc4 Qb6 32. e5 Ra2 33. Rc2 Rxc2
34. Qxc2 Re8 35. e6 Rxe6 36. Rxe6 fxe6 37. Qxg6 Qxb3 38. Qe8+ Kh7 39. Qxc6 Qd1+
40. Kh2 Qe2 41. Qe8 Qxf2 1/2-1/2

[Event "Bad Woerishofen op"]
[Site "?"]
[Date "2007.03.10"]
[Round "3"]
[White "Rolle, Eric"]
[Black "van der Weide, Karel"]
[Result "1/2-1/2"]
[WhiteElo "2202"]
[BlackElo "2476"]
[PlyCount "56"]
[EventDate "2007.??.??"]

1. e4 c5 2. Nf3 d6 3. d4 cxd4 4. Nxd4 Nf6 5. Nc3 a6 6. Be3 e5 7. Nb3 Be6 8. f3
Be7 9. Qd2 O-O 10. O-O-O Nbd7 11. g4 b5 12. Kb1 Nb6 13. g5 Nh5 14. Nd5 Bxd5 15.
exd5 f5 16. Rg1 f4 17. Bxb6 Qxb6 18. Bh3 g6 19. Na5 Bd8 20. Nc6 Qe3 21. Qg2 Ng7
22. Rge1 Qc5 23. Rd3 Bb6 24. Rf1 Kh8 25. Qd2 Ba7 26. Qa5 Bb6 27. Qd2 Ba7 28.
Qa5 Bb6 1/2-1/2

[Event "Bad Woerishofen op"]
[Site "?"]
[Date "2007.03.11"]
[Round "4"]
[White "Bu, Xiangzhi"]
[Black "Sorm, Daniel"]
[Result "1-0"]
[WhiteElo "2644"]
[BlackElo "2400"]
[PlyCount "127"]
[EventDate "2007.??.??"]

1. Nf3 d5 2. d4 c6 3. c4 e6 4. Qc2 Bd6 5. g3 Nf6 6. Bg2 Nbd7 7. Nbd2 O-O 8. O-O
e5 9. cxd5 cxd5 10. dxe5 Nxe5 11. Nxe5 Bxe5 12. Nf3 Bd6 13. Rd1 Be6 14. Be3 Qe7
15. Rac1 h6 16. Qd3 Rfd8 17. Nd4 Ng4 18. Nb5 Nxe3 19. Qxe3 a6 20. Nxd6 Qxd6 21.
Qd4 Qe7 22. e3 Rac8 23. Rxc8 Rxc8 24. Bxd5 Bxd5 25. Qxd5 Rc2 26. Rd2 Rxd2 27.
Qxd2 Qe4 28. a3 h5 29. h4 g6 30. Qd8+ Kh7 31. Qd4 Qe6 32. e4 Kg8 33. Kg2 b5 34.
Kf3 Qb3+ 35. Kf4 a5 36. f3 Kh7 37. Qc3 Qd1 38. Ke5 b4 39. axb4 axb4 40. Qxb4
Qxf3 41. Qc3 Qg4 42. b4 g5 43. hxg5 Qxg5+ 44. Kd4 Qd8+ 45. Kc4 Qc8+ 46. Kb3
Qe6+ 47. Qc4 Qg6 48. Qd3 Qe6+ 49. Qd5 Qe7 50. Qxh5+ Kg7 51. Qg4+ Kf8 52. Qf5
Qd8 53. Qd5 Qf6 54. Qc5+ Ke8 55. Qc8+ Ke7 56. Qc7+ Ke8 57. b5 Qf3+ 58. Qc3 Qd1+
59. Kb4 Kd8 60. Ka5 Qh5 61. Qf6+ Ke8 62. Kb6 Qe2 63. Kc7 Qd3 64. Qe5+ 1-0

[Event "Bad Woerishofen op"]
[Site "?"]
[Date "2007.03.11"]
[Round "4"]
[White "Roemhild, Marcus"]
[Black "Karpatchev, Alexander"]
[Result "0-1"]
[WhiteElo "2167"]
[BlackElo "2478"]
[PlyCount "58"]
[EventDate "2007.??.??"]

1. e4 e5 2. Nf3 Nc6 3. d4 exd4 4. Bc4 Nf6 5. e5 Ne4 6. O-O Be7 7. c3 d5 8. Bb5
dxc3 9. Nxc3 Nxc3 10. bxc3 O-O 11. Bxc6 bxc6 12. Nd4 Bd7 13. Nb3 f6 14. f4 fxe5
15. fxe5 Bf5 16. Be3 Qe8 17. Qd2 Be4 18. Rxf8+ Bxf8 19. Bf4 c5 20. Re1 Rb8 21.
Qe3 Qg6 22. Bg3 Be7 23. Rf1 h5 24. Nd2 Bg5 25. Qf2 Bd3 26. Re1 Rf8 27. Nf3 Be4
28. Kh1 h4 29. Bxh4 Rxf3 0-1

[Event "Bad Woerishofen op"]
[Site "?"]
[Date "2007.03.11"]
[Round "4"]
[White "Braun, Peter"]
[Black "Moehring, Norbert"]
[Result "1-0"]
[WhiteElo "2275"]
[BlackElo "2116"]
[PlyCount "67"]
[EventDate "2007.??.??"]

1. c4 Nf6 2. Nc3 e6 3. g3 Be7 4. Bg2 O-O 5. d4 c6 6. e4 d5 7. cxd5 exd5 8. e5
Ne8 9. f4 f5 10. Nf3 Be6 11. O-O Nd7 12. b3 g6 13. a4 a6 14. Ba3 Bxa3 15. Rxa3
h6 16. b4 Qe7 17. Rb3 Ng7 18. b5 axb5 19. axb5 c5 20. dxc5 Nxc5 21. Rb1 Ne4 22.
Ne2 Rfc8 23. h3 Nh5 24. Kh2 Ra2 25. Nfd4 Ra3 26. Bf3 Nc3 27. Nxc3 Rcxc3 28.
Nxe6 Ra2+ 29. Kg1 Rxf3 30. Rxf3 Qxe6 31. Qd4 g5 32. Rd1 Kg7 33. Qxd5 Qb6+ 34.
Qd4 1-0

[Event "Bad Woerishofen op"]
[Site "?"]
[Date "2007.03.11"]
[Round "4"]
[White "Weidlich, Guenter"]
[Black "Gypser, Andreas"]
[Result "1/2-1/2"]
[WhiteElo "2136"]
[BlackElo "2246"]
[PlyCount "57"]
[EventDate "2007.??.??"]

1. d4 d5 2. Nf3 Nf6 3. e3 e6 4. a3 b6 5. c4 Be7 6. Nc3 O-O 7. Bd2 Bb7 8. cxd5
exd5 9. b4 a6 10. Be2 Nbd7 11. O-O Re8 12. Qb3 Bd6 13. a4 c6 14. Rfb1 Nf8 15.
Na2 Ne4 16. Be1 Ng6 17. Nc1 Bc8 18. Nd3 Bg4 19. Rc1 Re6 20. Qd1 Bc7 21. Ra2 Qd6
22. g3 Ne7 23. Rac2 Bxf3 24. Bxf3 Rc8 25. Bg4 Qd8 26. Nb2 Nd6 27. Qe2 b5 28. a5
Nc4 29. Nd3 1/2-1/2

[Event "Bad Woerishofen op"]
[Site "?"]
[Date "2007.03.11"]
[Round "4"]
[White "Kuempers, Ulrich"]
[Black "Unger, Michael"]
[Result "0-1"]
[WhiteElo "2108"]
[BlackElo "2232"]
[PlyCount "38"]
[EventDate "2007.??.??"]

1. d4 d5 2. c4 Nc6 3. Nc3 dxc4 4. Nf3 Nf6 5. e4 Bg4 6. Be3 e6 7. Bxc4 Bb4 8.
Qc2 O-O 9. a3 Bxf3 10. gxf3 Nxd4 11. Bxd4 Qxd4 12. Bxe6 fxe6 13. axb4 Nh5 14.
Ra5 Nf4 15. Rg5 Nd3+ 16. Kf1 Rxf3 17. Nd1 Raf8 18. Rg2 Qxe4 19. Rhg1 Qe1# 0-1

[Event "Bad Woerishofen op"]
[Site "?"]
[Date "2007.03.11"]
[Round "4"]
[White "Mader, Sascha"]
[Black "Hoffmann, Achim Dr."]
[Result "1-0"]
[WhiteElo "2060"]
[BlackElo "2192"]
[PlyCount "29"]
[EventDate "2007.??.??"]

1. c4 Nf6 2. Nc3 e6 3. g3 d5 4. cxd5 exd5 5. Bg2 Bf5 6. Qb3 Nc6 7. Nxd5 Nxd5 8.
Bxd5 Nb4 9. Bxf7+ Kd7 10. d3 Qe7 11. Be3 a5 12. Rc1 Qe5 13. Nf3 Qf6 14. Bg5 Qh6
15. a3 1-0

[Event "Bad Woerishofen op"]
[Site "?"]
[Date "2007.03.11"]
[Round "4"]
[White "Rahls, Peter"]
[Black "Klett, Thomas"]
[Result "1-0"]
[WhiteElo "2338"]
[BlackElo "1923"]
[PlyCount "57"]
[EventDate "2007.??.??"]

1. e4 Nf6 2. e5 Nd5 3. c4 Nb6 4. c5 Nd5 5. Bc4 e6 6. d4 d6 7. cxd6 cxd6 8. Nf3
Nc6 9. O-O dxe5 10. dxe5 Be7 11. Qe2 Nb6 12. Bd3 Bd7 13. Nc3 a6 14. a3 O-O 15.
h4 f6 16. exf6 Bxf6 17. Ng5 Bxg5 18. Bxg5 Qe8 19. Qe4 g6 20. h5 e5 21. Qh4 Bf5
22. Ne4 Nd4 23. Rad1 Bxe4 24. Bxe4 Rf4 25. Bxf4 Ne2+ 26. Kh1 Nxf4 27. hxg6 Nxg6
28. Qf6 Nd7 29. Bd5+ 1-0

[Event "Bad Woerishofen op"]
[Site "?"]
[Date "2007.03.11"]
[Round "4"]
[White "Skembris, Spyridon"]
[Black "Santos, Paulo"]
[Result "1-0"]
[WhiteElo "2459"]
[BlackElo "1842"]
[PlyCount "95"]
[EventDate "2007.??.??"]

1. d4 Nf6 2. c4 g6 3. Nc3 d5 4. Nf3 Bg7 5. Bg5 O-O 6. Bxf6 Bxf6 7. Nxd5 Bg7 8.
Qd2 c5 9. dxc5 e6 10. Nc3 Qxd2+ 11. Nxd2 Na6 12. Nb3 Bxc3+ 13. bxc3 Bd7 14. e3
Rac8 15. Rb1 Rfd8 16. Be2 e5 17. O-O Bf5 18. Rb2 Bd3 19. Bxd3 Rxd3 20. Rc1 Nxc5
21. Nxc5 Rxc5 22. Rxb7 Rxc4 23. Rxa7 Rcxc3 24. Rf1 Ra3 25. Rxa3 Rxa3 26. Ra1 f5
27. Kf1 Kf7 28. Ke2 g5 29. Kd2 f4 30. exf4 exf4 31. Kc2 h5 32. Kb2 Ra6 33. a4
Kf6 34. a5 g4 35. Kc3 h4 36. Kb4 g3 37. fxg3 fxg3 38. hxg3 hxg3 39. Kb5 Re6 40.
a6 Re5+ 41. Kc4 Re8 42. a7 Ra8 43. Kd5 Kf5 44. Ra4 Kf6 45. Kc6 Kf5 46. Kb7 Rg8
47. a8=Q Rxa8 48. Kxa8 1-0

[Event "Bad Woerishofen op"]
[Site "?"]
[Date "2007.03.11"]
[Round "4"]
[White "Savchenko, Stanislav"]
[Black "Langheinrich, Ferenc"]
[Result "1-0"]
[WhiteElo "2525"]
[BlackElo "2396"]
[PlyCount "79"]
[EventDate "2007.??.??"]

1. d4 Nf6 2. Nf3 g6 3. c4 Bg7 4. Nc3 O-O 5. e4 d6 6. Be2 e5 7. O-O Nc6 8. d5
Ne7 9. b4 Nh5 10. Re1 f5 11. Ng5 Nf6 12. Bf3 c6 13. b5 h6 14. Ne6 Bxe6 15. dxe6
fxe4 16. Nxe4 Nxe4 17. Bxe4 d5 18. cxd5 cxd5 19. Ba3 dxe4 20. Qxd8 Rfxd8 21.
Bxe7 Re8 22. Bc5 b6 23. Be3 Rxe6 24. a4 Rd8 25. g3 Bf8 26. Rec1 Rd3 27. Rc8 Kf7
28. a5 Rd5 29. Bxb6 Rxb5 30. Rc7+ Kf6 31. Rxa7 Bb4 32. Bd8+ Kf5 33. Rf7+ Kg4
34. Kg2 g5 35. a6 Rb8 36. Bc7 Ra8 37. Ra4 Bc5 38. Rxe4+ Kh5 39. Rg7 Raxa6 40.
Rh4+ 1-0

[Event "Bad Woerishofen op"]
[Site "?"]
[Date "2007.03.11"]
[Round "4"]
[White "Fischer, Johann"]
[Black "Ris, Robert"]
[Result "1/2-1/2"]
[WhiteElo "2311"]
[BlackElo "2403"]
[PlyCount "70"]
[EventDate "2007.??.??"]

1. d4 Nf6 2. Nf3 d5 3. c4 e6 4. g3 dxc4 5. Bg2 Nc6 6. O-O Rb8 7. e3 Bd7 8. Qe2
b5 9. a4 a6 10. axb5 axb5 11. b3 cxb3 12. Nbd2 Bd6 13. Bb2 Qe7 14. Rfc1 Nd5 15.
Nxb3 O-O 16. Nc5 b4 17. Nxd7 Qxd7 18. e4 Nc3 19. Bxc3 bxc3 20. Rxc3 e5 21. d5
Ne7 22. h4 c6 23. dxc6 Nxc6 24. Rd1 Rfd8 25. Qc4 Rbc8 26. Qb5 Qe8 27. Bh3 Rc7
28. Rdc1 Nd4 29. Qxe8+ Rxe8 30. Rxc7 Nxf3+ 31. Kg2 Bxc7 32. Kxf3 Ba5 33. Rc5
Bb4 34. Rb5 Bf8 35. Bf1 h5 1/2-1/2

[Event "Bad Woerishofen op"]
[Site "?"]
[Date "2007.03.11"]
[Round "4"]
[White "Mainka, Romuald"]
[Black "Kugelmann, Werner"]
[Result "1-0"]
[WhiteElo "2492"]
[BlackElo "2206"]
[PlyCount "75"]
[EventDate "2007.??.??"]

1. e4 e5 2. Nf3 Nc6 3. Bc4 Bc5 4. c3 Bb6 5. d3 Nf6 6. O-O O-O 7. h3 h6 8. Re1
Re8 9. Bb3 d6 10. Nbd2 a6 11. Nf1 Be6 12. Ba4 Bd7 13. Ng3 Kh7 14. d4 g6 15. a3
Ng8 16. Bc2 Qe7 17. b4 Rad8 18. Nf1 Qf8 19. Ne3 exd4 20. cxd4 Nf6 21. d5 Ne5
22. Bb2 c6 23. Nxe5 dxe5 24. Nc4 Bc7 25. Qf3 Ng8 26. Rad1 f6 27. Bb3 cxd5 28.
exd5 Bc8 29. Bc2 b5 30. Nd2 Bb7 31. Bb3 f5 32. Qc3 Bd6 33. Nf3 Rc8 34. Qd2 Nf6
35. Nxe5 Ne4 36. Rxe4 fxe4 37. Ng4 Bc7 38. d6 1-0

[Event "Bad Woerishofen op"]
[Site "?"]
[Date "2007.03.11"]
[Round "4"]
[White "van der Weide, Karel"]
[Black "Waldschmidt, Georg"]
[Result "1-0"]
[WhiteElo "2476"]
[BlackElo "2210"]
[PlyCount "85"]
[EventDate "2007.??.??"]

1. e4 e6 2. d4 d5 3. Nc3 Bb4 4. e5 Ne7 5. a3 Bxc3+ 6. bxc3 c5 7. Nf3 Bd7 8. a4
Qa5 9. Bd2 Nbc6 10. Bd3 c4 11. Be2 f6 12. O-O Ng6 13. exf6 gxf6 14. h4 h5 15.
g3 O-O-O 16. Ne1 Rdg8 17. Ng2 Qc7 18. Kh2 Nce7 19. Bf4 Nxf4 20. Nxf4 Nf5 21.
Qd2 Qd6 22. Rg1 Kb8 23. a5 Bc6 24. Rad1 Rd8 25. Rge1 e5 26. Ng2 Qc7 27. dxe5
fxe5 28. Qg5 Rdf8 29. Bxh5 d4 30. cxd4 Nxd4 31. Qxe5 Qxe5 32. Rxe5 Rxf2 33.
Rxd4 Rxg2+ 34. Kh3 Rxc2 35. Bg6 Rc1 36. h5 Bf3 37. g4 c3 38. Rc4 Rc8 39. Rxc8+
Kxc8 40. Kg3 Bc6 41. h6 c2 42. Bxc2 Rxc2 43. h7 1-0

[Event "Bad Woerishofen op"]
[Site "?"]
[Date "2007.03.11"]
[Round "4"]
[White "Pirrot, Dieter"]
[Black "Rolle, Eric"]
[Result "1-0"]
[WhiteElo "2420"]
[BlackElo "2202"]
[PlyCount "63"]
[EventDate "2007.??.??"]

1. e4 c5 2. c3 Nf6 3. e5 Nd5 4. d4 cxd4 5. Nf3 e6 6. cxd4 b6 7. Nc3 Nxc3 8.
bxc3 Qc7 9. Bd2 d6 10. Bd3 Nd7 11. Ng5 Bb7 12. Qh5 g6 13. Qh3 Be7 14. O-O dxe5
15. Rae1 Bxg5 16. Bxg5 f5 17. c4 O-O 18. dxe5 Qc5 19. Qg3 Qd4 20. h4 Nc5 21.
Rd1 f4 22. Qh3 Qxe5 23. Be7 Rfe8 24. Rfe1 Qc7 25. Bxc5 Qxc5 26. Rxe6 Rf8 27.
Bxg6 Bc8 28. Bxh7+ Kxh7 29. Rd5 Bxe6 30. Qxe6 Qc8 31. Rh5+ Kg7 32. Rg5+ 1-0

[Event "Bad Woerishofen op"]
[Site "?"]
[Date "2007.03.11"]
[Round "4"]
[White "Anistratov, Dimitrij"]
[Black "Tochtrop, Matthias"]
[Result "1/2-1/2"]
[WhiteElo "2368"]
[BlackElo "2193"]
[PlyCount "97"]
[EventDate "2007.??.??"]

1. e4 e6 2. d4 d5 3. Nc3 Nf6 4. e5 Nfd7 5. f4 c5 6. Nf3 a6 7. Be3 Qb6 8. Na4
Qa5+ 9. c3 cxd4 10. b4 Qc7 11. Bxd4 Nc6 12. a3 b5 13. Nb2 Nxd4 14. cxd4 Qc3+
15. Qd2 Qxd2+ 16. Nxd2 a5 17. Bxb5 axb4 18. a4 Ba6 19. Bxa6 Rxa6 20. Ke2 Nb8
21. Nb3 Nc6 22. Rac1 Be7 23. Ke3 g5 24. g3 Rg8 25. Kf3 Kd7 26. Rc2 Na5 27. Nxa5
Rxa5 28. Rhc1 Ra7 29. Rc6 gxf4 30. gxf4 Rb8 31. R6c2 Rg8 32. Ra1 Rga8 33. Ke3
Rg8 34. Nd3 Rga8 35. Rca2 Ra5 36. Nc1 Rc8 37. Ne2 Rca8 38. Kd3 Rg8 39. Rg1 Rga8
40. Rga1 Rg8 41. Ke3 Rga8 42. Kd2 Rb8 43. Nc1 b3 44. Rb2 Rb4 45. Kd3 Raxa4 46.
Rxa4 Rxa4 47. Rxb3 Bd8 48. Ne2 Ra1 49. Kc2 1/2-1/2

[Event "Bad Woerishofen op"]
[Site "?"]
[Date "2007.03.11"]
[Round "4"]
[White "Ballon, Guenther Jan"]
[Black "Wacker, Peter"]
[Result "1/2-1/2"]
[WhiteElo "2153"]
[BlackElo "2278"]
[PlyCount "55"]
[EventDate "2007.??.??"]

1. d4 d5 2. c4 e6 3. Nc3 c5 4. cxd5 exd5 5. Nf3 Nc6 6. g3 Nf6 7. Bg2 Be7 8. O-O
O-O 9. Bg5 c4 10. Ne5 Be6 11. b3 Qa5 12. Nxc6 bxc6 13. Qc2 Rac8 14. bxc4 dxc4
15. Ne4 Bf5 16. Bxf6 Bxe4 17. Bxe4 Bxf6 18. Bxh7+ Kh8 19. Qf5 Qxf5 20. Bxf5
Rcd8 21. e3 c5 22. Rac1 cxd4 23. Rxc4 dxe3 24. fxe3 Bg5 25. Re1 Rfe8 26. Re4
Rxe4 27. Bxe4 Re8 28. Bd3 1/2-1/2

[Event "Bad Woerishofen sen"]
[Site "?"]
[Date "2007.03.11"]
[Round "4"]
[White "Schumacher, Helmut"]
[Black "Zunker, ReinhardDr"]
[Result "0-1"]
[WhiteElo "2088"]
[BlackElo "2242"]
[PlyCount "34"]
[EventDate "2007.??.??"]

1. d4 Nf6 2. Nc3 d5 3. Bg5 Nbd7 4. Nf3 g6 5. e3 Bg7 6. Bd3 O-O 7. O-O c5 8. Re1
a6 9. a4 b6 10. e4 dxe4 11. Nxe4 Bb7 12. dxc5 bxc5 13. Qd2 c4 14. Rad1 cxd3 15.
Qxd3 Bxe4 16. Rxe4 Nxe4 17. Qxe4 Nf6 0-1

[Event "Bad Woerishofen sen"]
[Site "?"]
[Date "2007.03.11"]
[Round "4"]
[White "Baum, BerndDr"]
[Black "Weigel, Herbert"]
[Result "1-0"]
[WhiteElo "2179"]
[BlackElo "2130"]
[PlyCount "32"]
[EventDate "2007.??.??"]

1. e4 c5 2. Nc3 e6 3. g3 d5 4. exd5 exd5 5. d4 Nf6 6. Bg5 cxd4 7. Qxd4 Be7 8.
Bg2 Nc6 9. Qa4 Bd7 10. O-O-O Nb4 11. Qb3 a5 12. Bxf6 a4 13. Qxb4 Bxb4 14. Bxd8
Rxd8 15. Nge2 a3 16. Bxd5 O-O 1-0